Immigration to the EU and challenges for demographic modelling

Diskusia o súčasnej imigračnej vlne do Európskej únie a predvídanie dopadov danej vlny na nástroje demografického modelovania. Lee-Carterová metóda ako náčrt migračného procesu vo Francúzsku, Belgicku, Nemecku a Taliansku.

Guardado en:
Detalles Bibliográficos
Autor principal: Šimpach, Ondřej
Otros Autores: Pechrová, Marie
Formato: Capítulo de libro
Lenguaje:inglés
Materias:
Etiquetas: Agregar Etiqueta
Sin Etiquetas, Sea el primero en etiquetar este registro!

MARC

LEADER 00000naa a2200000 4500
001 0230236
005 20231204091951.5
041 0 |a eng 
044 |a CZ 
245 1 0 |a Immigration to the EU and challenges for demographic modelling  |c Ondřej Šimpach, Marie Pechrová 
520 |a Diskusia o súčasnej imigračnej vlne do Európskej únie a predvídanie dopadov danej vlny na nástroje demografického modelovania. Lee-Carterová metóda ako náčrt migračného procesu vo Francúzsku, Belgicku, Nemecku a Taliansku. 
610 2 0 |a imigrácia 
610 2 0 |a prognózy 
610 2 0 |a demografia 
610 2 0 |a modelovanie 
610 2 0 |a emigrácia 
100 1 |a Šimpach, Ondřej 
700 1 |a Pechrová, Marie